SPORTS TRAINING: ITS PRINCIPLES (Record no. 12103)

MARC details
000 -LEADER
fixed length control field 00289nam a22001337a 4500
003 - CONTROL NUMBER IDENTIFIER
control field SGT
082 ## - DEWEY DECIMAL CLASSIFICATION NUMBER
Classification number 370
Item number S10K
100 ## - MAIN ENTRY--PERSONAL NAME
Personal name KAUSHIK, S.R.
245 ## - TITLE STATEMENT
Title SPORTS TRAINING: ITS PRINCIPLES
260 ## - PUBLICATION, DISTRIBUTION, ETC. (IMPRINT)
Place of publication, distribution, etc NEW DELHI
Name of publisher, distributor, etc J.B.T. PUB
Year of Publication 2010
300 ## - PAGE DESCRIPTION
No. of Pages 248
650 ## - SUBJECT ADDED ENTRY--TOPICAL TERM
Topical term or geographic name as entry element EDUCATION
942 ## - ADDED ENTRY ELEMENTS (KOHA)
Source of classification or shelving scheme Dewey Decimal Classification
Koha item type Books
Holdings
Withdrawn status Lost status Source of classification or shelving scheme Damaged status Not for loan Collection code Home library Current library Shelving location Date acquired Vendor Name Cost, normal purchase price SGTU Bill Number Full call number Accession No. (Barcode) Date last seen Bill Date Koha item type
    Dewey Decimal Classification     EDUCATION SGT Engineering Library SGT Engineering Library Text Book 30/06/2017 UNIVERSAL PUB 235.00 SGTU 101/102 370 S10K ED1946 30/06/2017 22/11/2016 Books
    Dewey Decimal Classification     EDUCATION SGT Engineering Library SGT Engineering Library Text Book 30/06/2017 UNIVERSAL PUB 235.00 SGTU 101/102 370 S10K ED1947 30/06/2017 22/11/2016 Books
    Dewey Decimal Classification     EDUCATION SGT Engineering Library SGT Engineering Library Text Book 30/06/2017 UNIVERSAL PUB 235.00 SGTU 101/102 370 S10K ED1948 30/06/2017 22/11/2016 Books
    Dewey Decimal Classification     EDUCATION SGT Engineering Library SGT Engineering Library Text Book 30/06/2017 UNIVERSAL PUB 235.00 SGTU 101/102 370 S10K ED1949 30/06/2017 22/11/2016 Books
    Dewey Decimal Classification     EDUCATION SGT Engineering Library SGT Engineering Library Text Book 30/06/2017 UNIVERSAL PUB 235.00 SGTU 101/102 370 S10K ED1950 30/06/2017 22/11/2016 Books